History and geography - Statistics

General Stats
  • This quiz has been taken 29 times
  • The average score is 6 of 15
Answer Stats
Hint Answer % Correct
First man to walk on the moon Neil Armstrong
100%
How many states are there in the United States of America 50
86%
Great Emperor that led the macedonian army Alexander the great
72%
Overall commander of the allied forces in the european theater (WW2), he later became president (full name) Dwight D. Eisenhower
72%
Where was Joseph Stalin born. Georgia
55%
Name the current King of the United Kingdom Charles III
52%
Soviet revolutionary force to fled the USSR then killed by direct order of Stalin Leon Trotsky
45%
British city and castle namesake to the Royal House Windsor
41%
Wich british civil war inspired the events depicted in Game of thrones War of the roses
34%
Central american city where both of them met Mexico City
24%
Name the capital of the now defunct Tang Dynasty in China Xian
14%
Famous female painter who had a brief relation with said revolutionary Frida khalo
10%
Southernmost kingdom in the italian peninsula from 1816 to 1861 Kingdom of the Two Sicilies
7%
Closest point between the USA and the Russian federation Bering Straight
3%
Spanish region with the most castles Jaen
0%
No matching quizzes found
Score Distribution
Percent of People with Each Score
Percentile by Number Answered
Your Score History
You have not taken this quiz